000 00743nam a22001817a 4500
999 _c80890
_d80890
008 201130b ||||| |||| 00| 0 eng d
040 _bger
_cDE-2950
_erda
_aDE-2950
041 _ager
100 _aWestermann, Jacqueline:
245 _aDas Kleist Forum wird 20.
_bJubiläum: Am 30.März 2001 wurde das Kleist Forum in Frankfurt eröffnet. Seitdem ist das Haus fester Bestandteil der kulturellen Szene der Stadt ...
_cJacqueline Westermann
653 _aFrankfurt (Oder)
653 _aKleist Forum
773 _dFrankfurt (Oder): Märkisches Verlags- und Druckhaus GmbH & Co KG
_g32. Jahrgang (2021) Nr. 75 vom 30.03.2021, S. 15
_tMärkische Oderzeitung
942 _cA